01386nam a22001577a 4500003000900000005001700009008004100026040001300067100002600080245008300106250001100189260003700200300001800237490002400255520094900279IT-RoPau20220918181103.0130327b xxu||||| |||| 00| 0 eng d cIT-RoPau a9° Capitolo Generale aAtti e Documenti del IX Capitolo GeneralebAriccia, 25 aprile - 15 maggio 2010 a1° ed aRomabSSP Casa Generaliziac2010 a79 pp.c21 cm aSocietà San Paolo aIndice Governo generale eletto dal 9° Capitolo generale Presentazione del Superiore generale Don Silvio Sassi Partecipanti al 9° Capitolo generale Proposta di calendario per il 9° Capitolo generale Celebrazione del 9° Capitolo generale Saluto e Omelia del Superiore generale Don Silvio Sassi Relazione del Superiore generale sullo stato della Congregazione Documento finale del 9° Capitolo generale - Presentazione - Introduzione - Obiettivo, priorità e linee operative 1. Apostolato 2. Comunità e Spiritualità 3. Animazione vocazionale e Formazione 4. Amministrazione e Servizio dell'Autorità 5. Famiglia Paolina - Messaggio ai collaboratori della Società San Paolo - Messaggio della Famiglia Paolina - Mozioni presentate al Capitolo - Indicazione dell'Assemblea capitolare per la valorizzazione della Casa di Ariccia - Saluto e Omelia del Superiore generale Don Silvio Sassi alla Celebrazione eucaristica conclusiva